00545nam a22001457a 4500003000400000082001900004100002100023245013900044260002600183300000700209650004300216942001200259952011100271999001700382SGT a617.6342bE24S aSachdeva, Vinnie aEffect of different root canal sealers on the incidence and intensity of post-operative pain bA randomized clinical controlled trial  bSGT University c2024 a88 aConservative Dentistry and Endodontics 2ddccTH 00102ddc4071aFDbFDcREFd2024-10-04iSGTUo617.6342 E24SpDT2091r2024-10-04 00:00:00w2024-10-04yTH c27124d27124